Madrid, el advenimiento de la República / (Record no. 181410)
[ view plain ]
| 000 -LEADER | |
|---|---|
| campo de control de longitud fija | 00816nam a2200229 i 4500 |
| 001 - NÚMERO DE CONTROL | |
| campo de control | 181410 |
| 003 - IDENTIFICADOR DE NÚMERO DE CONTROL | |
| campo de control | ES-MaACL |
| 005 - FECHA Y HORA DE LA ÚLTIMA TRANSACCIÓN | |
| campo de control | 20250822063228.0 |
| 008 - DATOS DE LONGITUD FIJA--INFORMACIÓN GENERAL | |
| campo de control de longitud fija | 130114s2011 sp |||| |dspa d |
| 080 ## - NÚMERO DE LA CLASIFICACIÓN DECIMAL UNIVERSAL | |
| Número de la Clasificación Decimal Universal | 94(460.27 M.)"1931/39"(093.3) |
| 100 1# - ENTRADA PRINCIPAL--NOMBRE DE PERSONA | |
| Nombre de persona | Pla, Josep, |
| Fechas asociadas al nombre | 1897-1981 |
| 9 (RLIN) | 164614 |
| 245 10 - MENCIÓN DEL TÍTULO | |
| Título | Madrid, el advenimiento de la República / |
| Mención de responsabilidad, etc. | Pla ; [traducción, Xavier Pericay]. |
| 260 ## - PUBLICACIÓN, DISTRIBUCIÓN, ETC. | |
| Lugar de publicación, distribución, etc. | [Madrid] : |
| Nombre del editor, distribuidor, etc. | Diario Público, |
| Fecha de publicación, distribución, etc. | [2011] |
| 300 ## - DESCRIPCIÓN FÍSICA | |
| Extensión | 157 p. ; |
| Dimensiones | 18 cm. |
| 490 1# - MENCIÓN DE SERIE | |
| Mención de serie | Biblioteca de la República |
| 651 #4 - PUNTO DE ACCESO ADICIONAL DE MATERIA--NOMBRE GEOGRÁFICO | |
| Nombre geográfico | Madrid- |
| Subdivisión general | Historia- |
| Subdivisión cronológica | 1931-1939- |
| Subdivisión de forma | Relatos personales. |
| 9 (RLIN) | 164668 |
| 700 1# - ENTRADA AGREGADA--NOMBRE PERSONAL | |
| Nombre de persona | Pericay, Xavier. |
| 9 (RLIN) | 91254 |
| 830 0# - PUNTO DE ACCESO ADICIONAL DE SERIE-TÍTULO UNIFORME | |
| Título uniforme | Biblioteca de la República |
| 9 (RLIN) | 191447 |
| 852 ## - LOCALIZACIÓN | |
| Ubicación | ES-MaACL |
| Número de control de estantería | A-12425 |
| itemnumber | 188310 |
| Sublocalización o colección | R.147214 |
| Ubicación en estantería | Depósito 1 |
| Signatura antigua | Olim: N-5430 |
| 942 ## - ELEMENTOS DE ENTRADA SECUNDARIOS (KOHA) | |
| Fuente del sistema de clasificación o colocación | Clasificación decimal universal |
| Tipo de ítem Koha | Libro impreso |
| Estatus retirado | Estado de pérdida | Fuente del sistema de clasificación o colocación | Estado de daño | No para préstamo | Biblioteca de origen | Biblioteca actual | Ubicación en estantería | Fecha de adquisición | Fuente de adquisición | Total de préstamos | Signatura topográfica completa | Código de barras | Visto por última vez | Precio de reemplazo | Tipo de ítem Koha |
|---|---|---|---|---|---|---|---|---|---|---|---|---|---|---|---|
| Clasificación decimal universal | Biblioteca del Ateneo de Madrid | Biblioteca del Ateneo de Madrid | Depósito 1 | 14/01/2013 | Donación | A-12425 | 1190651 | 23/02/2023 | 23/02/2023 | Libro impreso |
